[Event "Gibraltar Open"]
[Site "Caleta ENG"]
[Date "2012.01.27"]
[Round "4.79"]
[White "Ortega Ruiz,J"]
[Black "Attwood,J"]
[Result "1/2-1/2"]
[WhiteElo "2288"]
[BlackElo "2072"]

1.d4 Nf6 2.c4 g6 3.Nc3 Bg7 4.e4 d6 5.Nf3 O-O 6.Be2 e5 7.dxe5 dxe5 8.Qxd8 Rxd8
9.Bg5 Re8 10.O-O-O c6 11.Nxe5 Nxe4 12.Nxe4 Bxe5 13.Nd6 Bxb2+ 14.Kd2 Rxe2+
15.Kxe2 Be6 16.Rd2 Be5 17.Rc1 b6 18.f4 Bh8 19.Nc8 Nd7 20.Ne7+ Kg7 21.Nxc6 Re8
22.Kf1 h6 23.Bh4 g5 24.fxg5 hxg5 25.Bxg5 Kg6 26.Bh4 Bg7 27.Nd4 Bh6 28.Nxe6 Bxd2
29.Rd1 Rxe6 30.Rxd2 Ne5 31.Bf2 Nxc4 32.Rd3 a6 33.h4 b5 34.g3 Re4 35.Rd8 Re6
36.g4 Ne3+ 37.Bxe3  1/2-1/2

[Event "Gibraltar Open"]
[Site "Caleta ENG"]
[Date "2012.01.27"]
[Round "4.51"]
[White "Mastalerz,X"]
[Black "Vojinovic,J"]
[Result "1/2-1/2"]
[WhiteElo "2135"]
[BlackElo "2359"]

1.d4 g6 2.Nf3 Nf6 3.c4 Bg7 4.Nc3 d6 5.e4 Nbd7 6.Be2 e5 7.O-O O-O 8.Re1 Re8
9.Bf1 a6 10.d5 a5 11.b3 Nc5 12.Nd2 Bh6 13.Rb1 Bg4 14.Qc2 Nh5 15.a3 Bd7 16.b4 axb4
17.axb4 Na4 18.Nb3 Bxc1 19.Rexc1 Nxc3 20.Qxc3 f5 21.exf5 gxf5 22.Na5 b6 23.Nc6 Qg5
24.Ra1 Nf6 25.Rxa8 Rxa8 26.Ra1 Rf8 27.Ra7 Ne4 28.Qe3 Bxc6 29.Qxg5+ Nxg5 30.dxc6 Rc8
31.c5 dxc5 32.Bc4+ Kf8 33.h4 Nf7 34.bxc5 Nd8 35.cxb6 cxb6 36.Rxh7 Rxc6 37.Bb5  1/2-1/2

[Event "17th HIT Open A"]
[Site "Nova Gorica SLO"]
[Date "2012.01.27"]
[Round "1"]
[White "Koscak,Jan"]
[Black "Srebrnic,A"]
[Result "0-1"]
[WhiteElo "1787"]
[BlackElo "2189"]

1.d4 d6 2.Nf3 Nf6 3.c4 g6 4.Nc3 Bg7 5.e4 O-O 6.Be2 e5 7.d5 a5 8.Bg5 h6 9.Bh4 Qe8
10.Nd2 Na6 11.a3 Bd7 12.b3 Nh7 13.O-O h5 14.f3 Bh6 15.Bf2 f5 16.Rb1 Nc5 17.Qc2 Nf6
18.b4 axb4 19.axb4 Na4 20.Bd3 Nxc3 21.Qxc3 Qe7 22.c5 fxe4 23.Bxe4 Kg7 24.Rb2 Bb5
25.Re1 Qf7 26.Nc4 Nxd5 27.Bxd5 Qxd5 28.Ne3 Qf7 29.Rd1 Rfd8 30.Nd5 Bc6 31.Ne3 Kh7
32.b5 Be8 33.b6 dxc5 34.Rxd8 Rxd8 35.Qxc5 Bc6 36.Rb1 cxb6 37.Rxb6 Bg7 38.Bg3 e4
39.Qg5 Ra8 40.f4 Bd4  0-1

[Event "Gibraltar Open"]
[Site "Caleta ENG"]
[Date "2012.01.28"]
[Round "5.27"]
[White "Gustafsson,J"]
[Black "Karim,I"]
[Result "1-0"]
[WhiteElo "2643"]
[BlackElo "2405"]

1.d4 d6 2.Nf3 g6 3.c4 Bg7 4.Nc3 Nf6 5.e4 O-O 6.Be2 e5 7.Be3 c6 8.O-O Ng4
9.Bg5 f6 10.Bc1 Na6 11.h3 Nh6 12.Rb1 exd4 13.Nxd4 f5 14.Bxh6 Bxh6 15.exf5 Bxf5
16.Nxf5 gxf5 17.Bf3 Qf6 18.Ne2 Nc7 19.b4 a6 20.a4 Qe5 21.b5 axb5 22.axb5 Qc5
23.bxc6 bxc6 24.Nd4 Ra6 25.Rb7 Rc8 26.Be4 Bg7 27.Nxf5  1-0

[Event "11th Marienbad IMB1"]
[Site "Marianske Lazne CZE"]
[Date "2012.01.28"]
[Round "9"]
[White "Bhakti,K"]
[Black "Turner,R"]
[Result "1/2-1/2"]
[WhiteElo "2258"]
[BlackElo "2128"]

1.d4 Nf6 2.c4 g6 3.Nc3 Bg7 4.e4 d6 5.Nf3 O-O 6.Be2 e5 7.d5 Nbd7 8.Bg5 h6
9.Bh4 g5 10.Bg3 Nh5 11.h4 g4 12.Nh2 Nxg3 13.fxg3 h5 14.O-O f5 15.Rxf5 Rxf5
16.exf5 Nc5 17.b4 Na6 18.Qb3 Bxf5 19.Rf1 Bg6 20.a3 Kh8 21.Na4 Nb8 22.c5 Nd7
23.Qc4 Nf6 24.Nc3 e4 25.Rd1 Qe7 26.Nf1 Qe5 27.cxd6 Qxd6 28.Nb5 Qb6+ 29.Qc5 c6
30.dxc6 bxc6 31.Nd4 Qxc5 32.bxc5 Bf8 33.Rc1  1/2-1/2

[Event "Moscow Open Women 2012"]
[Site "Moscow RUS"]
[Date "2012.01.28"]
[Round "1.12"]
[White "Skakun,V"]
[Black "Savina,A"]
[Result "1-0"]
[WhiteElo "1937"]
[BlackElo "2337"]

1.d4 Nf6 2.c4 g6 3.Nc3 Bg7 4.e4 d6 5.Be2 O-O 6.Nf3 Nbd7 7.O-O e5 8.Be3 Re8
9.d5 Nh5 10.Qd2 Nf4 11.Kh1 a5 12.Bd1 Nc5 13.Bc2 Nh5 14.a3 f5 15.b4 axb4 16.axb4 Rxa1
17.Rxa1 Na6 18.Bg5 Bf6 19.b5 Nc5 20.exf5 gxf5 21.Ra8 Ng7 22.Rxc8 Qxc8 23.Bxf6 f4
24.Ng5 h6 25.Nge4 Nxe4 26.Nxe4 Rf8 27.Qd3 Qf5 28.Bh4 Ra8 29.h3 Kf8 30.Kh2 Qh5
31.g3 Qg6 32.Qb3 fxg3+ 33.Bxg3 Ra1 34.Nc5 Qf7 35.Nxb7 Qf6 36.c5 Nh5 37.Be4 Nf4
38.c6 h5 39.h4 Ne2 40.b6 cxb6 41.c7 Rc1 42.Bc2  1-0

[Event "Moscow Open Women 2012"]
[Site "Moscow RUS"]
[Date "2012.01.28"]
[Round "1.28"]
[White "Egorova,Ayyyna"]
[Black "Suslova,A"]
[Result "0-1"]
[WhiteElo "1835"]
[BlackElo "2221"]

1.d4 g6 2.c4 Bg7 3.Nc3 Nf6 4.e4 d6 5.Nf3 O-O 6.Be2 e5 7.O-O exd4 8.Nxd4 Re8
9.f3 Nc6 10.Be3 Nh5 11.Qd2 Nf4 12.Rfd1 Nxd4 13.Bxd4 Qg5 14.Bf1 Bh6 15.Kh1 Ne6
16.Qxg5 Bxg5 17.Nd5 f5 18.Bf6 c6 19.Nc7 Nxc7 20.Bxg5 fxe4 21.fxe4 Bg4 22.Rxd6 Rxe4
23.h3 Bf5 24.Bd3 Re6 25.Rxe6 Nxe6 26.Bxf5 Nxg5 27.Bc2 Re8 28.Rd1 Kf7 29.Kh2 Re2
30.Bb3 Ke7 31.Kg3 Rxb2 32.Re1+ Kf6 33.c5 Kf5 34.Rf1+ Ke5 35.Re1+ Ne4+ 36.Kf3 Rf2+
37.Ke3 Rxg2 38.Kd3 Rg3+  0-1

[Event "TCh-BEL 2011-12"]
[Site "Belgium BEL"]
[Date "2012.01.29"]
[Round "7.4"]
[White "Van der Stricht,G"]
[Black "Maze,S"]
[Result "1/2-1/2"]
[WhiteElo "2365"]
[BlackElo "2575"]

1.d4 Nf6 2.c4 g6 3.Nc3 Bg7 4.e4 d6 5.Be2 O-O 6.Nf3 Na6 7.O-O e5 8.Be3 c6
9.d5 Ng4 10.Bg5 f6 11.Bd2 c5 12.a3 Nh6 13.Rb1 Nf7 14.Ne1 f5 15.Nd3 Bd7 16.b4 b6
17.bxc5 Nxc5 18.Nxc5 bxc5 19.Rb7 Bc8 20.Rb2 Qh4 21.Qa4 fxe4 22.g3 Qe7 23.Nxe4 Bf5
24.Bd3 Bxe4 25.Bxe4 Bh6 26.Bxh6 Nxh6 27.Rfb1 Rf7 28.Rb7 Qf8 29.f3 Rxb7 30.Rxb7 Nf7
31.Qd7 Qg7 32.h4 Rf8 33.Rxa7 Qh6 34.Qe6 Qe3+ 35.Kg2 Qe2+  1/2-1/2

[Event "ch-TUR 2012"]
[Site "Kemer TUR"]
[Date "2012.01.29"]
[Round "2"]
[White "Yilmaz,A"]
[Black "Arat,Uf"]
[Result "1-0"]
[WhiteElo "1827"]
[BlackElo "2047"]

1.Nf3 Nf6 2.c4 g6 3.d4 Bg7 4.Nc3 O-O 5.e4 d6 6.Be2 e5 7.dxe5 dxe5 8.Bg5 Nbd7
9.Qc1 Re8 10.h4 h5 11.O-O c6 12.Rd1 Qb6 13.Be3 Qc7 14.Bh6 Nc5 15.Bxg7 Kxg7
16.Qe3 Ne6 17.Rac1 Ng4 18.Qd2 Rd8 19.Qe1 Nd4 20.Ng5 f6 21.Nf3 Be6 22.Nd5 Qb8
23.Nxd4 exd4 24.Bxg4 Bxg4 25.f3 cxd5 26.fxg4 dxe4 27.Qxe4 hxg4 28.Qe7+ Kh6
29.Qxf6 Qd6 30.Qg5+ Kh7 31.Qxg4 d3 32.Rc3 Qc5+ 33.Kh1 Qf2 34.h5 Rd6 35.Rcxd3 Rxd3
36.Qxg6+ Kh8 37.Qxd3 Qh4+ 38.Qh3 Qxc4 39.Qc3+ Qxc3 40.bxc3 Rc8 41.Rd3 a5
42.Kh2 Rc4 43.Kh3 Ra4 44.g4 Rxa2 45.Rd8+ Kg7 46.Rd7+ Kh6 47.Rxb7 a4 48.Rb6+ Kh7
49.Ra6 Rc2 50.Rxa4 Rxc3+ 51.Kh4 Rc7 52.Ra6 Rb7 53.h6 Rb1 54.Kh5 Rb5+ 55.g5 Rc5
56.Ra7+ Kg8 57.Rg7+ Kh8 58.Rf7 Rc8 59.Kg6 Rg8+ 60.Kf6 Ra8 61.Re7 Rf8+ 62.Rf7 Ra8
63.g6 Rb8 64.g7+ Kh7 65.Rf8 Rxf8+ 66.gxf8=R  1-0

[Event "Moscow Open 2012 A"]
[Site "Moscow RUS"]
[Date "2012.01.29"]
[Round "2.37"]
[White "Socko,B"]
[Black "Chigaev,M"]
[Result "1/2-1/2"]
[WhiteElo "2636"]
[BlackElo "2397"]

1.d4 Nf6 2.c4 g6 3.Nc3 Bg7 4.e4 d6 5.Be2 O-O 6.Nf3 e5 7.Be3 exd4 8.Nxd4 Re8
9.f3 c6 10.Bf2 d5 11.exd5 cxd5 12.O-O Nc6 13.c5 Nh5 14.Qd2 Be5 15.g3 Ng7
16.Rfd1 Be6 17.Ncb5 a6 18.f4 axb5 19.fxe5 Nxe5 20.Nxb5 Nf5 21.Qf4 f6 22.Nd4 Bd7
23.b3 Nxd4 24.Bxd4 Bf5 25.Rd2 Be4 26.Rf1 Kg7 27.h4 h6 28.Qf2 Qe7 29.a4 Qe6
30.Kh2 g5 31.Bd1 Rf8 32.Qe3 Rf7 33.Rdf2 Raf8 34.Qc3 Kg6 35.b4 Ng4+ 36.Bxg4 Qxg4
37.Bxf6 Kh5 38.Qe5 Kg6 39.Qd4 gxh4 40.Bxh4 Rf3 41.a5 Rxf2+ 42.Rxf2 Rxf2+
43.Qxf2 Qd1 44.Qf6+ Kh5 45.Qe5+ Kg4 46.Qf4+ Kh5 47.Qe5+ Kg4 48.Qf4+  1/2-1/2

[Event "ch-TUR w 2012"]
[Site "Kemer TUR"]
[Date "2012.01.30"]
[Round "3"]
[White "Simsek,M"]
[Black "Menzi,N"]
[Result "0-1"]
[WhiteElo "1748"]
[BlackElo "1887"]

1.d4 Nf6 2.c4 g6 3.Nc3 Bg7 4.e4 d6 5.Be2 O-O 6.Nf3 e5 7.dxe5 dxe5 8.Qxd8 Rxd8
9.Bg5 Re8 10.Bxf6 Bxf6 11.Nd5 Bd8 12.c5 c6 13.Ne3 Ba5+ 14.Nd2 Be6 15.a3 Nd7
16.b4 Bc7 17.Ndc4 a5 18.O-O b6 19.cxb6 Bxb6 20.Nxb6 Nxb6 21.Ng4 Nd7 22.Rfc1 axb4
23.axb4 Rxa1 24.Rxa1 Rb8 25.Rb1 c5 26.b5 c4 27.Ne3 Nb6 28.Rc1 Ra8 29.Nd1 Ra4
30.Nc3 Rb4 31.Rb1 Rxb1+ 32.Nxb1 Kf8 33.Nc3 Ke7 34.Kf1 Kd6 35.Ke1 Kc5 36.Kd2 Bd7
37.Bd1 Bxb5 38.Nxb5 Kxb5 39.Kc3 Nd7 40.Be2 Nb6 41.Bd1 Nc8 42.Be2 Nd6 43.f3 Kc5
44.Bd1 Nb5+ 45.Kb2 Kb4 46.Be2 Nd4 47.Bd1 c3+ 48.Kc1 Kc4 49.Bc2 Nxc2 50.Kxc2 Kd4
51.h4 Kc4  0-1

[Event "ch-TUR 2012"]
[Site "Kemer TUR"]
[Date "2012.01.30"]
[Round "3"]
[White "Sahin,S"]
[Black "Kilic,Efe Mert"]
[Result "1-0"]
[WhiteElo "1924"]
[BlackElo "1616"]

1.Nf3 Nf6 2.c4 g6 3.Nc3 Bg7 4.e4 d6 5.d4 O-O 6.Be2 e5 7.Bg5 h6 8.Bh4 g5 9.dxe5 dxe5
10.Bg3 Qe7 11.Bxe5 Rd8 12.Qc2 Be6 13.Bg3 Nc6 14.O-O Nh5 15.Nd5 Bxd5 16.cxd5 Nxg3
17.hxg3 Ne5 18.Nd4 Ng6 19.Nf5 Qe5 20.b3 Bf8 21.Rac1 Rac8 22.Bg4 c6 23.Ne3 Rc7
24.Qb1 cxd5 25.Rxc7 Qxc7 26.Nxd5 Qe5 27.Qa1 Bc5 28.Qxe5 Nxe5 29.Bf5 Kg7 30.b4 Bb6
31.Kh2 Bd4 32.f4 Nc4 33.Rd1 Bb6 34.Bg4 Re8 35.e5 Ne3 36.Nxe3 Bxe3 37.Rd7 gxf4
38.e6 fxg3+ 39.Kxg3 Rf8 40.Bh5 Kf6 41.Bxf7 Rh8 42.Rxb7 Rc8 43.Kf3 Bg1 44.a4 Rc4
45.Bg8 Rc8 46.Rf7+ Kxe6 47.Rf8+ Kd7 48.Be6+ Kxe6 49.Rxc8 Kd5 50.b5 Bb6 51.Rh8 Kc5
52.Rxh6 Kb4 53.Rh4+ Kb3 54.Re4 Bd8 55.g4 Bf6 56.Re6 Bg5 57.a5 Bd8 58.b6 axb6
59.a6  1-0

[Event "ch-TUR 2012"]
[Site "Kemer TUR"]
[Date "2012.01.30"]
[Round "3"]
[White "Sahin,S"]
[Black "Kilic,Efe Mert"]
[Result "1-0"]
[WhiteElo "1924"]
[BlackElo "1616"]

1.Nf3 Nf6 2.c4 g6 3.Nc3 Bg7 4.e4 d6 5.d4 O-O 6.Be2 e5 7.Bg5 h6 8.Bh4 g5 9.dxe5 dxe5
10.Bg3 Qe7 11.Bxe5 Rd8 12.Qc2 Be6 13.Bg3 Nc6 14.O-O Nh5 15.Nd5 Bxd5 16.cxd5 Nxg3
17.hxg3 Ne5 18.Nd4 Ng6 19.Nf5 Qe5 20.b3 Bf8 21.Rac1 Rac8 22.Bg4 c6 23.Ne3 Rc7
24.Qb1 cxd5 25.Rxc7 Qxc7 26.Nxd5 Qe5 27.Qa1 Bc5 28.Qxe5 Nxe5 29.Bf5 Kg7 30.b4 Bb6
31.Kh2 Bd4 32.f4 Nc4 33.Rd1 Bb6 34.Bg4 Re8 35.e5 Ne3 36.Nxe3 Bxe3 37.Rd7 gxf4
38.e6 fxg3+ 39.Kxg3 Rf8 40.Bh5 Kf6 41.Bxf7 Rh8 42.Rxb7 Rc8 43.Kf3 Bg1 44.a4 Rc4
45.Bg8 Rc8 46.Rf7+ Kxe6 47.Rf8+ Kd7 48.Be6+ Kxe6 49.Rxc8 Kd5 50.b5 Bb6 51.Rh8 Kc5
52.Rxh6 Kb4 53.Rh4+ Kb3 54.Re4 Bd8 55.g4 Bf6 56.Re6 Bg5 57.a5 Bd8 58.b6 axb6
59.axb6  1-0

[Event "ch-TUR 2012"]
[Site "Kemer TUR"]
[Date "2012.01.30"]
[Round "3"]
[White "Sertbay,H"]
[Black "Apaydin,F"]
[Result "0-1"]
[WhiteElo "1951"]
[BlackElo "2213"]

1.d4 g6 2.c4 Bg7 3.Nf3 Nf6 4.Nc3 O-O 5.e4 d6 6.Be2 Nbd7 7.O-O e5 8.d5 h6
9.b4 Ne8 10.c5 dxc5 11.bxc5 Nxc5 12.Ba3 b6 13.Bxc5 bxc5 14.Na4 f5 15.Nxc5 fxe4
16.Nd2 e3 17.fxe3 Qg5 18.Qb3 Nd6 19.Nf3 Qe7 20.e4 Bg4 21.h3 Rab8 22.Qc2 Bxf3
23.Bxf3 Nb5 24.Ne6 Rfc8 25.Rab1 Re8 26.Qc5 Qxc5+ 27.Nxc5 Nd4 28.Na6 Rxb1
29.Rxb1 c6 30.dxc6 Nxc6 31.Nb4 Rb8 32.a3 a5 33.Rc1 axb4 34.Rxc6 b3 35.Rc1 Bf8
36.a4 Bc5+ 37.Kf1 b2 38.Rb1 Be3 39.Ke2 Bc1 40.Kd3 Rb4 41.Bd1 Rd4+ 42.Kc2 Rd2+
43.Kb3 Rxd1  0-1

[Event "Moscow Open Women 2012"]
[Site "Moscow RUS"]
[Date "2012.01.30"]
[Round "3.27"]
[White "Grabuzova,T"]
[Black "Kim,Ya"]
[Result "1-0"]
[WhiteElo "2340"]
[BlackElo "1952"]

1.d4 Nf6 2.c4 g6 3.Nc3 Bg7 4.e4 d6 5.Nf3 O-O 6.Be2 e5 7.O-O Nbd7 8.Be3 c6
9.d5 c5 10.Ne1 Ne8 11.Nd3 f5 12.exf5 gxf5 13.f3 Kh8 14.Qc2 Qh4 15.Nf2 Bh6
16.Bxh6 Qxh6 17.Bd3 Ng7 18.a3 Nf6 19.b4 b6 20.bxc5 bxc5 21.Nb5 Nfh5 22.Nc7 Rb8
23.Rfb1 Rxb1+ 24.Rxb1 Nf4 25.Bf1 Ngh5 26.Nd3 Rg8 27.Nxf4 Nxf4 28.Kh1 Qg5
29.Nb5 Nh3 30.Qe2 Nf4 31.Nxd6 Nxe2 32.Nf7+ Kg7 33.Nxg5 Nd4 34.Bd3 Kf6 35.Nh3 Ba6
36.Nf2 Ke7 37.g4 Nxf3 38.gxf5 Nd4 39.Ne4 Nxf5 40.Nxc5 Bc8 41.Rg1 Rg6 42.Rxg6 hxg6
43.Kg2 Kd6 44.Ne4+ Kc7 45.Kf2 Ba6 46.Ke2 Nd4+ 47.Ke3 Nf5+ 48.Kd2 Bb7 49.Ng5 Nd6
50.c5 Nf5 51.Be4 Nd4 52.d6+  1-0

[Event "Moscow Open Women 2012"]
[Site "Moscow RUS"]
[Date "2012.01.30"]
[Round "3.46"]
[White "Savinova,Yulia"]
[Black "Ibrahimova,S"]
[Result "0-1"]
[WhiteElo "1772"]
[BlackElo "2070"]

1.d4 Nf6 2.c4 g6 3.Nc3 Bg7 4.e4 d6 5.Nf3 O-O 6.Be2 Na6 7.O-O e5 8.dxe5 dxe5
9.Bd2 Nc5 10.Qc2 Nfxe4 11.Rad1 Nxd2 12.Nxd2 c6 13.Nde4 Qe7 14.Nd6 Ne6 15.Nxc8 Raxc8
16.Ne4 Nd4 17.Qd3 f5 18.Nc3 Rcd8 19.Qb1 e4 20.Rfe1 Qc5 21.Rc1 Bh6 22.b4 Qe5
23.Rcd1 e3 24.Bf1 exf2+ 25.Kxf2 Qxh2 26.Rd3 Bg5 27.Ne2 Bh4+ 28.Ng3 f4 29.Rxd4 Rxd4
30.Qb3 Bxg3+ 31.Kf3 Qh5+  0-1

[Event "ch-TUR 2012"]
[Site "Kemer TUR"]
[Date "2012.01.31"]
[Round "4"]
[White "Yilmaz,A"]
[Black "Can,E"]
[Result "0-1"]
[WhiteElo "1827"]
[BlackElo "2462"]

1.Nf3 Nf6 2.c4 g6 3.Nc3 Bg7 4.e4 d6 5.d4 O-O 6.Be2 e5 7.Bg5 h6 8.Bh4 Nbd7
9.dxe5 dxe5 10.Qc2 c6 11.Rd1 Qe7 12.h3 g5 13.Bg3 Nh5 14.Bh2 Nf4 15.g3 Ne6
16.O-O Ndc5 17.b4 Na6 18.a3 Nd4 19.Nxd4 exd4 20.Nb1 Bxh3 21.Rfe1 f5 22.Nd2 c5
23.b5 Nc7 24.Bd3 Rae8 25.Qb1 fxe4 26.Nxe4 Qf7 27.f4 gxf4 28.gxf4 Kh8 29.b6 Qg6+
30.Ng5 Rf5 31.Bxf5 Bxf5 32.Rxe8+ Nxe8 33.bxa7 Bxb1 34.a8=Q hxg5 35.Re1 gxf4+
36.Kf1 Be4 37.Re2 Bd3 38.Bxf4 Qe4  0-1

[Event "ch-TUR 2012"]
[Site "Kemer TUR"]
[Date "2012.01.31"]
[Round "5"]
[White "Solak,D"]
[Black "Selbes,T"]
[Result "1-0"]
[WhiteElo "2613"]
[BlackElo "2264"]

1.e4 d6 2.c4 Nf6 3.Nc3 g6 4.d4 Bg7 5.Nf3 O-O 6.Be2 e5 7.Be3 Na6 8.O-O Qe8
9.dxe5 dxe5 10.Nd2 Qe7 11.Nd5 Qd8 12.Nc3 Qe7 13.a3 c6 14.b4 b6 15.c5 bxc5
16.Bxa6 Bxa6 17.Bxc5 Qe6 18.Bxf8 Bxf8 19.Re1 Rd8 20.Qc2 Nh5 21.Nf1 Nf4 22.Ne3 h5
23.Rad1 Rd4 24.Rd2 Bh6 25.Red1 Qf6 26.b5 Bc8 27.Ne2 Rxd2 28.Qxd2 Kg7 29.bxc6 Nxg2
30.Kxg2 Bh3+ 31.Kxh3 Qf3+ 32.Ng3 g5 33.Qd7  1-0

[Event "Moscow Open 2012 A"]
[Site "Moscow RUS"]
[Date "2012.01.31"]
[Round "4.83"]
[White "Baraeva,I"]
[Black "Ozolin,M"]
[Result "0-1"]
[WhiteElo "2165"]
[BlackElo "2375"]

1.d4 Nf6 2.c4 g6 3.Nc3 Bg7 4.e4 d6 5.Be2 O-O 6.Nf3 e5 7.Be3 Ng4 8.Bg5 f6
9.Bh4 g5 10.Bg3 Nh6 11.O-O g4 12.Nh4 Nc6 13.d5 Nd4 14.b4 a5 15.a3 axb4 16.axb4 Rxa1
17.Qxa1 f5 18.Nxf5 Nhxf5 19.exf5 Bxf5 20.Qd1 Qg5 21.Bd3 h5 22.Bxf5 Nxf5 23.f4 Qh6
24.Qc1 h4 25.Be1 exf4 26.Rxf4 Bd4+ 27.Kh1 Be3 28.Rxg4+ Ng7  0-1

[Event "Gibraltar Open"]
[Site "Caleta ENG"]
[Date "2012.02.01"]
[Round "9.96"]
[White "Duhayon,Y"]
[Black "Obiamiwe,P"]
[Result "1-0"]
[WhiteElo "2210"]
[BlackElo "1982"]

1.d4 Nf6 2.c4 g6 3.Nc3 Bg7 4.e4 d6 5.Nf3 O-O 6.Be2 e5 7.d5 a5 8.Bg5 h6 9.Bh4 Na6
10.Nd2 Nc5 11.O-O Bd7 12.b3 Qe8 13.a3 Nh7 14.Qc2 f5 15.f3 g5 16.Bf2 f4 17.b4 Na6
18.c5 axb4 19.axb4 Nxb4 20.Qb3 Rxa1 21.Rxa1 Na6 22.c6 Nc5 23.Bxc5 bxc6 24.dxc6+ Be6
25.Bc4 Bxc4 26.Qxc4+ Kh8 27.Bf2 Qb8 28.Qb5 Qd8 29.Nd5 h5 30.Qb7 g4 31.Qxc7 Qg5
32.Qe7 g3 33.hxg3 Nf6 34.gxf4 exf4 35.Bd4 Re8 36.Bxf6  1-0

[Event "ch-TUR 2012"]
[Site "Kemer TUR"]
[Date "2012.02.01"]
[Round "6"]
[White "Gulten,Erman"]
[Black "Arslan,Erda"]
[Result "1-0"]
[WhiteElo "1832"]
[BlackElo "2046"]

1.d4 Nf6 2.c4 g6 3.Nc3 Bg7 4.e4 d6 5.Nf3 O-O 6.Be2 e5 7.O-O exd4 8.Nxd4 Re8
9.f3 Nc6 10.Be3 Nh5 11.Nxc6 bxc6 12.g4 Nf6 13.Bg5 h6 14.Bh4 Rb8 15.Qc2 g5
16.Bg3 h5 17.h3 hxg4 18.hxg4 Bxg4 19.fxg4 Nxe4 20.Nxe4 Rxb2 21.Qd3 Rxe2 22.Qxe2 Qe7
23.Nf6+ Bxf6 24.Qxe7 Bxe7 25.Rae1 Kf8 26.Kg2 Rd8 27.Rb1 d5 28.Bxc7  1-0

[Event "Moscow Open Women 2012"]
[Site "Moscow RUS"]
[Date "2012.02.01"]
[Round "5.31"]
[White "Skakun,V"]
[Black "Bodnaruk,A"]
[Result "0-1"]
[WhiteElo "1937"]
[BlackElo "2419"]

1.d4 Nf6 2.c4 g6 3.Nc3 Bg7 4.e4 d6 5.Be2 O-O 6.Nf3 Nbd7 7.O-O e5 8.Be3 h6
9.Nd2 Nh7 10.d5 f5 11.f3 f4 12.Bf2 Rf6 13.b4 Bf8 14.Kh1 h5 15.Nb3 g5 16.c5 Rg6
17.Rg1 Ndf6 18.g4 Rh6 19.Rg2 hxg4 20.fxg4 Rh3 21.Rc1 Qe8 22.Bf3 Be7 23.Nd2 Nf8
24.a4 c6 25.dxc6 bxc6 26.cxd6 Bxd6 27.Ne2 Be6 28.Ng1 Rh7 29.Nc4 Bxb4 30.Nxe5 Rd8
31.Qc2 Rd2 32.Qxc6 Qb8 33.Nc4 Ra2 34.Nd2 Rc7 35.Qa6 Qe8  0-1

[Event "17th HIT Open A"]
[Site "Nova Gorica SLO"]
[Date "2012.02.01"]
[Round "9"]
[White "Tratar,M"]
[Black "Smirnov,Arte"]
[Result "0-1"]
[WhiteElo "2499"]
[BlackElo "2428"]

1.c4 Nf6 2.Nf3 g6 3.Nc3 Bg7 4.e4 d6 5.d4 O-O 6.Be2 e5 7.d5 a5 8.Be3 Na6 9.Nd2 c6
10.a3 Bd7 11.O-O Ne8 12.Rb1 f5 13.f3 f4 14.Bf2 c5 15.Nb3 g5 16.Nc1 Rf6 17.Nd3 Rh6
18.b4 axb4 19.axb4 b6 20.bxc5 Nxc5 21.Bxc5 bxc5 22.Nf2 Rg6 23.h3 h5 24.Nb5 Bf8
25.Qd3 g4 26.fxg4 Qh4 27.Ra1 Rxa1 28.Rxa1 Nf6 29.Nc7 hxg4 30.Ne6 f3 31.Bxf3 gxf3
32.Qxf3 Bxe6 33.dxe6 Qf4 34.Qxf4 exf4 35.Nd3 Nh5 36.e5 Rxe6 37.exd6 Bxd6  0-1

[Event "Gibraltar Open"]
[Site "Caleta ENG"]
[Date "2012.02.02"]
[Round "10.41"]
[White "Javakhishvili,L"]
[Black "Gislason,G"]
[Result "0-1"]
[WhiteElo "2454"]
[BlackElo "2332"]

1.c4 Nf6 2.Nf3 g6 3.Nc3 Bg7 4.e4 O-O 5.d4 d6 6.Be2 e5 7.Be3 Nc6 8.d5 Ne7
9.Nd2 h5 10.f3 h4 11.g4 hxg3 12.hxg3 Nh5 13.Nf1 f5 14.Bg5 f4 15.g4 Nf6 16.Nd2 c5
17.a3 Bd7 18.b4 b6 19.Rb1 Kf7 20.bxc5 bxc5 21.Nb5 Be8 22.Nb3 a6 23.Nc3 Bd7
24.Kd2 Qc7 25.Kc2 Rab8 26.Kb2 Rb7 27.Ka2 Rfb8 28.Qd2 a5 29.Qc2 a4 30.Nd2 Rb4
31.Bh4 Rxb1 32.Ndxb1 Rh8 33.Qc1 Qa5 34.Bf2 Rb8 35.Be1 Qa7 36.Qc2 Ne8 37.Bd1 Nc7
38.Nxa4 Nc8 39.Nbc3 Qa6 40.Nb2 Nb6 41.Be2 Kg8 42.Bd2 Qa8 43.Ra1 Kf7 44.a4 Na6
45.Nb5 Ke7 46.Qb3 Rh8 47.a5 Rh2 48.Qd1 Nc8 49.Kb3 Bf6 50.Na4 Qb7 51.Bd3 Nc7
52.Nc3 Na7 53.Ka4 Qa6 54.Rb1 Kf8 55.Ne2 Bd8 56.Qb3 Rf2 57.Rh1 Kg7 58.Rh3 Ncxb5
59.cxb5 Nxb5 60.Bxb5 Rxe2 61.Bxd7 Rxd2 62.Qb5 Rd4+ 63.Ka3 Qxa5+ 64.Qxa5 Bxa5
65.Bb5 c4 66.Rh1 Bd2 67.Kb2 Rd3 68.Kc2 Bb4 69.Rb1 Rc3+ 70.Kd2 Ba5 71.Ke2 Rc2+
72.Kf1 Kf6 73.Ba4 Ra2 74.Bb5 c3 75.Bc4 Rh2 76.Kg1 Rd2 77.Rc1 Kg5 78.Bb3 Rb2
79.Ba4 Kh4 80.Rc2 Kg3 81.Rxb2 cxb2  0-1

[Event "Gibraltar Open"]
[Site "Caleta ENG"]
[Date "2012.02.02"]
[Round "10.84"]
[White "Skutta,B"]
[Black "Agrest,I"]
[Result "1/2-1/2"]
[WhiteElo "2078"]
[BlackElo "2189"]

1.d4 Nf6 2.Nf3 g6 3.c4 Bg7 4.Nc3 O-O 5.e4 d6 6.Be2 Nbd7 7.O-O e5 8.Be3 Re8
9.Qc2 exd4 10.Nxd4 Nc5 11.f3 a5 12.Rad1 Nfd7 13.Bf2 c6 14.Nb3 Qe7 15.Nd4 Ne5
16.b3 Ne6 17.Na4 Nf4 18.Nb6 Rb8 19.Rfe1 h5 20.Nxc8 Rexc8 21.Bf1 h4 22.Ne2 Bh6
23.Nxf4 Bxf4 24.c5 dxc5 25.Bxc5 Qg5 26.Kh1 b6 27.Bf2 Rd8 28.Rxd8+ Rxd8 29.Rd1 c5
30.Rxd8+ Qxd8 31.g3 hxg3 32.hxg3 Bh6 33.Kg2 Nc6 34.Bc4 Bg7 35.Bd5 Nb4 36.Qc4 Nxd5
37.exd5 Qd6 38.a4 Kf8 39.Be3 f5 40.b4 Qe5 41.Bf2 cxb4 42.Bxb6 Qc3 43.Qf4 Qe5
44.Qc4 Qc3 45.Qf4 Be5 46.Qg5 Kf7 47.Qd8 Qd2+ 48.Bf2 Bd4 49.Qd7+ Kf8 50.Qd8+  1/2-1/2

[Event "ch-TUR 2012"]
[Site "Kemer TUR"]
[Date "2012.02.02"]
[Round "7"]
[White "Sengul,C"]
[Black "Karagollu,A"]
[Result "1/2-1/2"]
[WhiteElo "2168"]
[BlackElo "2004"]

1.d4 Nf6 2.Nf3 g6 3.c4 Bg7 4.Nc3 O-O 5.e4 d6 6.Be2 e5 7.d5 Nh5 8.Bg5 f6 9.Be3 Nf4
10.O-O f5 11.exf5 Bxf5 12.Bxf4 exf4 13.Qd2 Bg4 14.Nd4 Bxd4 15.Bxg4 Be5 16.Be6+ Kg7
17.Ne4 c5 18.b4 Na6 19.Rab1 cxb4 20.a3 b3 21.Rxb3 b6 22.Rh3 Nc5 23.Nxc5 bxc5
24.Rb1 Rb8 25.Rhb3  1/2-1/2

[Event "ch-TUR 2012"]
[Site "Kemer TUR"]
[Date "2012.02.02"]
[Round "7"]
[White "Sakalli,M"]
[Black "Tirak,Mert"]
[Result "0-1"]
[WhiteElo "2000"]
[BlackElo "1710"]

1.d4 Nf6 2.Nf3 g6 3.c4 Bg7 4.Nc3 O-O 5.e4 d6 6.Be2 Na6 7.O-O e5 8.d5 h6 9.Nd2 Kh7
10.Rb1 c6 11.b4 Nc7 12.Nb3 cxd5 13.cxd5 Nfe8 14.Be3 f5 15.f3 f4 16.Bf2 Nf6
17.b5 Nce8 18.a4 g5 19.a5 Rg8 20.a6 b6 21.Na2 Bf8 22.Nb4 g4 23.Nc6 Qd7 24.Bh4 Qf7
25.g3 Kh8 26.Nd2 Qg6 27.Rf2 gxf3 28.Bxf3 Ng4 29.Bxg4 Bxg4 30.Qe1 Bh3 31.Kh1 Nf6
32.Rb3 Nh5 33.Re2 Bg4 34.Rg2 Bh3 35.Rg1 Rc8 36.Qe2 Rc7 37.Rbb1 Rcg7 38.Nd8 Qe8
39.Ne6 Bxe6 40.dxe6 fxg3 41.hxg3 Qxe6 42.Kh2 Rg4 43.Qf3 Be7 44.Qf5 Qxf5  0-1

[Event "Moscow Open 2012 A"]
[Site "Moscow RUS"]
[Date "2012.02.02"]
[Round "6.50"]
[White "Zemerov,V"]
[Black "Arslanov,S"]
[Result "1-0"]
[WhiteElo "2323"]
[BlackElo "2424"]

1.Nf3 Nf6 2.c4 g6 3.Nc3 Bg7 4.e4 d6 5.d4 O-O 6.Be2 e5 7.d5 Nbd7 8.Bg5 a5
9.Nd2 Nc5 10.h4 h6 11.Be3 Nfd7 12.h5 f5 13.hxg6 f4 14.Bxc5 Nxc5 15.Nb3 Bd7
16.Nxc5 dxc5 17.Bg4 Rf6 18.Bxd7 Qxd7 19.Qh5 Raa6 20.Qh3 Qd8 21.Qf3 Rxg6 22.Rh5 Qd7
23.Ke2 Rg4 24.Rah1 Rag6 25.R1h2 Qd6 26.Kf1 Qb6 27.b3 Qd6 28.R5h4 R4g5 29.R4h3 Qe7
30.Qd1 Qd7 31.Rd3 Bf8 32.Nb5 Qg7 33.Qf3 Rg4 34.Rd1 Kh7 35.Nc3 Be7 36.Ne2 Bd6
37.Kg1 Be7 38.Kh1 Bd6 39.Nc1 Be7 40.Nd3 Bd6 41.Ne1 Qf6 42.Rh5 Rh4+ 43.Rxh4 Qxh4+
44.Kg1 Rg5 45.Rd3 Rg4 46.Kf1 Qg5 47.Ke2 Rh4 48.Rd1 Rh2 49.Kd3 b6 50.Qe2 Rh1
51.Qf3 Rh2 52.Kc2 Qg6 53.Qe2 Rh1 54.Rd3 Qg5 55.Rf3 Qg4 56.Kd2 Qg6 57.Kd3 Qh5
58.Kc2 Qg5 59.Rh3 f3 60.Nxf3  1-0

[Event "17th HIT Open A"]
[Site "Nova Gorica SLO"]
[Date "2012.02.02"]
[Round "9"]
[White "Jovanic,O"]
[Black "Tomazini,Z"]
[Result "1-0"]
[WhiteElo "2483"]
[BlackElo "2262"]

1.d4 Nf6 2.c4 g6 3.Nc3 Bg7 4.e4 d6 5.Nf3 O-O 6.Be2 Nbd7 7.O-O e5 8.Re1 Re8
9.Bf1 exd4 10.Nxd4 c6 11.Nc2 Qc7 12.f3 a6 13.Be3 b5 14.Qd2 Bb7 15.Red1 d5
16.exd5 cxd5 17.cxb5 a5 18.Bd4 Ne5 19.b3 Rac8 20.Rac1 Qd7 21.Re1 Qf5 22.Rcd1 Nh5
23.Bd3 Nxd3 24.Rxe8+ Rxe8 25.Qxd3 Qg5 26.Bxg7 Nf4 27.Qf1 Kxg7 28.Nd4 Nxg2
29.Qxg2 Qe3+ 30.Kf1 Qxc3 31.Qd2 Qc8 32.Kg2 Re5 33.Rc1 Qe8 34.Rc7 Bc8 35.Qc3 Bd7
36.f4 Bh3+ 37.Kf2 Qd8 38.fxe5 Qh4+ 39.Ke3 Qg5+ 40.Kd3 Qg2 41.e6 Qe4+ 42.Kd2 Qf4+
43.Kc2 Qxh2+ 44.Kb1 Qg1+ 45.Qc1 Qxd4 46.Rxf7+  1-0

[Event "TCh-ISR 2011-12"]
[Site "Israel ISR"]
[Date "2012.02.03"]
[Round "7.5"]
[White "Postny,E"]
[Black "Mordechai,H"]
[Result "1-0"]
[WhiteElo "2640"]
[BlackElo "2314"]

1.d4 Nf6 2.c4 g6 3.Nc3 Bg7 4.e4 d6 5.Nf3 O-O 6.Be2 e5 7.Be3 Ng4 8.Bg5 f6
9.Bh4 g5 10.Bg3 Nh6 11.h3 Nc6 12.dxe5 fxe5 13.c5 Nf7 14.Bc4 g4 15.Bh4 Bf6
16.hxg4 Bxg4 17.Bxf6 Qxf6 18.Nd5 Qg6 19.Qd3 Kh8 20.Nh4 Qg5 21.Qe3 Qg7 22.Qg3 Nd4
23.f3 c6 24.Ne7 Nh6 25.Qxg4 Qxg4 26.fxg4 Nc2+ 27.Ke2 Nxa1 28.Rxa1 Nxg4 29.Nhf5 dxc5
30.Ng6+  1-0